| 000 | 00550nam a22001817a 4500 | ||
|---|---|---|---|
| 003 | 0 | ||
| 005 | 20160609165847.0 | ||
| 008 | 101004t xxu||||| |||| 00| 0 eng d | ||
| 040 |
_aBUAC _cBEPAC |
||
| 100 |
_aTanimomo , Emannuel _99438 |
||
| 130 |
_lfr _99439 |
||
| 245 | _aEvaluation desperformances de reproduction des lapines en selection au CE.CU.RI. au cours de l'année 2006 | ||
| 260 |
_aEPAC-UAC _bEPAC-UAC _c 2008-2007 |
||
| 300 | _a64p. | ||
| 650 |
_aREPRODUCTION DES LAPINES _99440 |
||
| 700 |
_aKpodekon , T. Marc _99441 |
||
| 942 | _cTHE | ||
| 999 |
_c47851 _d47851 |
||